| 000 | 01220nam a22002057a 4500 | ||
|---|---|---|---|
| 999 |
_c62460 _d62460 |
||
| 003 | Ge_BSU | ||
| 005 | 20241113113615.0 | ||
| 008 | 241113s1986 ge ||||| |||| 00| 0 geo d | ||
| 041 | _ageo | ||
| 080 | _a611.013(038) კ-77 | ||
| 100 |
_aკორძაია, მზია. _923679 |
||
| 245 |
_aემბრიოლოგიურ ტერმინთა მოკლე განმარტებითი ლექსიკონი / _cმზია კორძაია, მ.ჭიჭინაძე, რედ. ნ.ჯავახიშვილი. |
||
| 264 |
_aთბილისი : _bმეცნიერება, _c1986. |
||
| 300 |
_a149გვ. ; _b21სმ. |
||
| 653 | _aლექსიკონები | ||
| 700 |
_aჯავახიშვილი, ნ _eრედაქტორი. _923680 |
||
| 710 |
_aსაქ. სსრ მეცნ. აკად., ალ. ნათიშვილის სახ. ექსპერ. მორფოლოგიის ინ-ტი _923681 |
||
| 856 |
_uhttps://dspace.nplg.gov.ge/bitstream/1234/448555/1/EmbriologiurTermintaMokleGanmartebitiLeqsikoni_1986.pdf _yელექტრონული ვერსია |
||
| 942 |
_2udc _cᲬᲘᲒᲜᲘ |
||